Platypus - Statistics

General Stats
  • This quiz has been taken 17 times
  • The average score is 4 of 10
Answer Stats
Hint Answer % Correct
Sometimes refered to as D___-billed platypus Duck
100%
The Platypuses eat up to 20% of their weight a day which requires them hunting for food for __ hours a day. 12
67%
The only other egg laying mammals are four species of E_______ Echidna
67%
What is the name for egg laying mammals Monotreme
50%
The IUCN recolonizes platypuses as a N______-T________ S______ near threatened species
33%
A Platypus finds its food through E_______ Electroreception
17%
What is the Scientific name for Platypuses? O_________ a________ Ornithorhynchus anatinus
17%
The Platupuses were first encountered by Europeans in? 1798
0%
The platypus is the sole living representative of its family O___________ Ornithorhynchidae
0%
The Only Platapus outside of Australia is in which zoo in the USA. San Diego Zoo
0%
No matching quizzes found
Score Distribution
Percent of People with Each Score
Percentile by Number Answered
Your Score History
You have not taken this quiz